[Event "It"]
[Site "masterchessopen.com Zurich (Switzerland)"]
[Round "2"]
[White "Zuidema Coen (NED)"]
[Black "Calvo Minguez Ricardo (ESP)"]
[Result "1-0"]
[WhiteElo "2450"]
[BlackElo "2315"]

1.e4 c5 2.Nf3 e6 3.d4 cxd4 4.Nxd4 Nc6 5.Nc3 a6 6.Be3 Qc7 7.a3 Nf6 8.f4 d6
9.Qf3 Be7 10.Bd3 e5 11.Nde2 b5 12.O-O O-O 13.f5 Bb7 14.Nd5 Nxd5 15.exd5 e4
16.Qxe4 Rfe8 17.dxc6 d5 18.Qg4 {#r} 1-0

[Event "Tournament"]
[Site "masterchessopen.com Budapest (Hungary)"]
[Round "0"]
[White "Dely Peter (HUN)"]
[Black "Szollosi Laszlo Sr (HUN)"]
[Result "1-0"]
[WhiteElo "2391"]
[BlackElo "2254"]

1.e4 c5 2.Nf3 e6 3.d4 cxd4 4.Nxd4 a6 5.Nc3 Nc6 6.Be3 Qc7 7.a3 Nge7 8.Ndb5 axb5
9.Nxb5 Qa5+ 10.b4 Nxb4 11.axb4 Qxb4+ 12.c3 {#r} 1-0

[Event "Ch Club Argentino"]
[Site "masterchessopen.com Buenos Aires (Argentina)"]
[Round "0"]
[White "Marcussi Bartolome (ARG)"]
[Black "Casas Fernando (ARG)"]
[Result "0-1"]
[WhiteElo "2210"]
[BlackElo "2245"]

1.e4 c5 2.Nf3 Nc6 3.d4 cxd4 4.Nxd4 e6 5.Nc3 Qc7 6.Be3 a6 7.g3 Bb4 8.Ne2 Nf6
9.a3 Be7 10.h3 b5 11.Bg2 Bb7 12.O-O Ne5 13.Bf4 d6 14.b3 O-O 15.Qd2 Ng6 16.Be3
Rac8 17.Rfd1 Rfd8 18.Bd4 e5 19.Be3 Nxe4 20.Nxe4 d5 21.Qc3 dxe4 22.Rxd8+ Qxd8
23.Qb2 f5 24.c4 f4 {#R} 0-1

[Event "Ch Bulgaria"]
[Site "masterchessopen.com Sofia (Bulgaria)"]
[Date "1963.03.04"]
[Round "3"]
[White "Tringov Georgi P (BUL)"]
[Black "Bogdanov Emil (FRA)"]
[Result "1-0"]
[WhiteElo "2379"]
[BlackElo "2232"]

1.e4 c5 2.Nf3 Nc6 3.d4 cxd4 4.Nxd4 e6 5.Nc3 Qc7 6.Be3 a6 7.Bd3 Nf6 8.O-O Bd6
9.Nxc6 Qxc6 10.f4 Bc5 11.Bxc5 Qxc5+ 12.Kh1 d6 13.Qf3 O-O 14.Rae1 e5 15.Nd5
Nxd5 16.exd5 exf4 17.Qxf4 Qb6 18.Qxf7+ {#r} 1-0

[Event "Ch Great Britain"]
[Site "masterchessopen.com Hastings (England)"]
[Round "10"]
[White "Penrose Jonathan (ENG)"]
[Black "Franklin Michael J (ENG)"]
[Result "1-0"]
[WhiteElo "2405"]
[BlackElo "2191"]

1.e4 c5 2.Nf3 Nc6 3.d4 cxd4 4.Nxd4 e6 5.Nc3 Qc7 6.Be3 a6 7.Bd3 b5 8.Nxc6 Qxc6
9.a3 Bb7 10.O-O Nf6 11.Qe2 Rc8 12.Kh1 Be7 13.f4 O-O 14.e5 Nd5 15.Nxd5 Qxd5
16.Rad1 g6 17.c3 Qa2 18.Bb1 {#r} 1-0

[Event "Ch World (juniors) (under 20) (final B)"]
[Site "masterchessopen.com Jerusalem (Israel)"]
[Round "6"]
[White "Lombard Andre (SUI)"]
[Black "Skalkotas Nikolaos (GRE)"]
[Result "0-1"]
[WhiteElo "2350"]
[BlackElo "2178"]

1.e4 c5 2.Nf3 e6 3.d4 cxd4 4.Nxd4 Nc6 5.Nc3 a6 6.Be3 Qc7 7.Bd3 Nf6 8.O-O b5
9.Nxc6 dxc6 10.f4 Bb7 11.a4 b4 12.Nb1 c5 13.Nd2 Rd8 14.Qf3 b3 15.Qe2 c4
16.Bxc4 bxc2 17.Rac1 Bb4 18.Rxc2 Qa5 19.Nb3 Qxa4 20.Bc5 Bxe4 21.Ra1 Bxc5+
22.Kh1 Qb4 23.Rxa6 Bxc2 24.Rxe6+ Kf8 {#R} 0-1

[Event "?"]
[Site "masterchessopen.com Yugoslavia"]
[Round "0"]
[White "Antunac Goran (CRO)"]
[Black "Kurajica Bojan (CRO)"]
[Result "0-1"]
[WhiteElo "2406"]
[BlackElo "2524"]

1.e4 c5 2.Nf3 Nc6 3.d4 cxd4 4.Nxd4 Qc7 5.Nc3 e6 6.Be3 a6 7.Bd3 b5 8.O-O Bb7
9.Kh1 Nf6 10.a3 h5 11.f4 Ng4 12.Bg1 g5 13.Nxc6 dxc6 14.Bd4 f6 15.e5 O-O-O
16.Bg1 c5 17.Qe1 f5 18.b3 gxf4 19.a4 Nxe5 20.Bxb5 axb5 21.Nxb5 Qg7 {#R} 0-1

[Event "Ch Bulgaria"]
[Site "masterchessopen.com Sofia (Bulgaria)"]
[Date "1967.11.08"]
[Round "15"]
[White "Popov Petar (BUL)"]
[Black "Peev Peicho (BUL)"]
[Result "0-1"]
[WhiteElo "2228"]
[BlackElo "2284"]

1.e4 c5 2.Nf3 e6 3.d4 cxd4 4.Nxd4 Nc6 5.Nc3 Qc7 6.Be3 a6 7.Bd3 Nf6 8.O-O b5
9.h3 Bb7 10.a3 Be7 11.Kh1 O-O 12.f4 d6 13.Qf3 Nxd4 14.Bxd4 e5 15.Be3 Rad8
16.Rad1 Rfe8 17.Qf2 Rd7 18.fxe5 dxe5 19.g4 Bd8 20.Qf3 h6 21.g5 hxg5 22.Bxg5
Nh7 23.Be3 Rd6 24.Bc4 Rf6 25.Bxf7+ Qxf7 {#R} 0-1

[Event "It"]
[Site "masterchessopen.com Reggio Emilia (Italy)"]
[Round "0"]
[White "Huguet Bernard (FRA)"]
[Black "Matulovic Milan (SRB)"]
[Result "0-1"]
[WhiteElo "2146"]
[BlackElo "2394"]

1.e4 c5 2.Nf3 Nc6 3.d4 cxd4 4.Nxd4 Qc7 5.Nc3 e6 6.Be3 a6 7.Bd3 Nf6 8.Nb3 b5
9.f4 d6 10.Qf3 Be7 11.O-O-O Bb7 12.g4 Nb4 13.Kb1 d5 14.g5 dxe4 15.Nxe4 Nxe4
16.Bxe4 Qxc2+ 17.Bxc2 Bxf3 18.Rhe1 Nxc2 19.Kxc2 Rc8+ 20.Kb1 Bxd1 {#R} 0-1

[Event "Memorial V.Goglidze"]
[Site "masterchessopen.com Tbilisi (Georgia)"]
[Round "7"]
[White "Tal Mikhail N (LAT)"]
[Black "Gufeld Eduard (USA)"]
[Result "1-0"]
[WhiteElo "2520"]
[BlackElo "2434"]

1.e4 c5 2.Nf3 Nc6 3.d4 cxd4 4.Nxd4 e6 5.Nc3 Qc7 6.Be3 a6 7.a3 Nf6 8.f4 d6
9.Qf3 Nxd4 10.Bxd4 b5 11.O-O-O Bb7 12.Bd3 Rc8 13.Rhe1 Qa5 14.Qe3 Nd7 15.Nd5
Qd8 16.Qg3 h5 17.c3 h4 18.Qg4 Nf6 19.Nxf6+ gxf6 20.Kb1 Be7 21.e5 Kf8 22.Be2
dxe5 23.Bxe5 Bd5 24.Bd4 f5 25.Qg7+ {#r} 1-0

[Event "Blitz"]
[Site "masterchessopen.com Herceg Novi (Montenegro)"]
[Round "6"]
[White "Hort Vlastimil (GER)"]
[Black "Reshevsky Samuel H (USA)"]
[Result "1-0"]
[WhiteElo "2466"]
[BlackElo "2430"]

1.e4 c5 2.Nf3 e6 3.d4 cxd4 4.Nxd4 Nc6 5.Nc3 a6 6.Be3 Qc7 7.Bd3 Nf6 8.O-O Ne5
9.h3 b5 10.f4 Nc4 11.Bxc4 Qxc4 12.Qd3 d5 13.e5 Nd7 14.a4 Qxd3 15.cxd3 b4
16.Nce2 Bb7 17.Nb3 Rc8 18.Rac1 Be7 19.Na5 Rb8 20.Ba7 Bd8 21.Bxb8 Bxa5 22.Bd6
Bb6+ 23.Kh1 f6 24.a5 Be3 25.Rc7 {#r} 1-0

[Event "Ch Europe (team)"]
[Site "masterchessopen.com Kapfenberg (Austria)"]
[Round "0"]
[White "Radulov Ivan (BUL)"]
[Black "Taimanov Mark E (RUS)"]
[Result "0-1"]
[WhiteElo "2306"]
[BlackElo "2386"]

1.e4 c5 2.Nf3 Nc6 3.d4 cxd4 4.Nxd4 e6 5.Nc3 a6 6.Be3 Qc7 7.Bd3 b5 8.O-O Bb7
9.a3 Nf6 10.Kh1 Ne5 11.Bf4 d6 12.Qe2 Nxd3 13.Qxd3 e5 14.Nf5 exf4 15.Nd5 Nxd5
16.exd5 O-O-O 17.Rac1 Qc4 18.Qh3 Kb8 19.b3 Qxd5 20.c4 Qe6 {#R} 0-1

[Event "Ch Netherlands"]
[Site "masterchessopen.com Leeuwarden (Netherlands)"]
[Round "3"]
[White "Jongsma Alexander (NED)"]
[Black "Langeweg Kick (NED)"]
[Result "0-1"]
[WhiteElo "2215"]
[BlackElo "2309"]

1.e4 c5 2.Nf3 e6 3.d4 cxd4 4.Nxd4 Nc6 5.Nc3 Qc7 6.Be3 a6 7.f4 Bb4 8.Bd3 Nf6
9.Qf3 b5 10.O-O Bb7 11.Qg3 Nxd4 12.Bxd4 Bxc3 13.bxc3 Nxe4 14.Qxg7 O-O-O
15.Qxh8 Rxh8 16.Bxh8 Nxc3 17.f5 e5 18.Rfe1 f6 19.Bf1 Qc5+ 20.Kh1 Qf8 {#R} 0-1

[Event "?"]
[Site "masterchessopen.com Tbilisi (Georgia)"]
[Round "0"]
[White "Tal Mikhail N (LAT)"]
[Black "Gufeld Eduard (USA)"]
[Result "1-0"]
[WhiteElo "2520"]
[BlackElo "2434"]

1.e4 c5 2.Nf3 Nc6 3.d4 cxd4 4.Nxd4 e6 5.Nc3 Qc7 6.Be3 a6 7.a3 Nf6 8.f4 d6
9.Qf3 Nxd4 10.Bxd4 b5 11.O-O-O Bb7 12.Bd3 Rc8 13.Rhe1 Qa5 14.Qe3 Nd7 15.Nd5
Qd8 16.Qg3 h5 17.c3 h4 18.Qg4 Nf6 19.Nxf6+ gxf6 20.Kb1 Be7 21.e5 Kf8 22.Bc2
dxe5 23.Bxe5 Bd5 24.Bd4 f5 25.Qg7+ {#r} 1-0

[Event "?"]
[Site "masterchessopen.com URS"]
[Round "0"]
[White "Tseitlin Mark D (ISR)"]
[Black "Shmit Anatoly (LAT)"]
[Result "1-0"]
[WhiteElo "2403"]
[BlackElo "2200"]

1.e4 c5 2.Nf3 e6 3.d4 cxd4 4.Nxd4 Nc6 5.Nc3 Qc7 6.Be3 a6 7.Bd3 Nf6 8.O-O b5
9.Nxc6 Qxc6 10.a3 Bc5 11.Qe2 Bxe3 12.Qxe3 Bb7 13.Qh3 Qc5 14.Rae1 e5 15.Kh1 O-O
16.f4 Rae8 17.Re3 Kh8 18.fxe5 Rxe5 19.Rxf6 gxf6 20.Nd5 h5 21.Qf3 Qc6 22.Qf4
Rg5 23.h4 {#r} 1-0

[Event "Ch World (juniors) (under 18)"]
[Site "masterchessopen.com Athens (Greece)"]
[Round "0"]
[White "Ghizdavu Dumitru (USA)"]
[Black "Bukic Enver (SLO)"]
[Result "1-0"]
[WhiteElo "2410"]
[BlackElo "2465"]

1.e4 c5 2.Nf3 Nc6 3.d4 cxd4 4.Nxd4 Qc7 5.Nc3 e6 6.Be3 a6 7.Bd3 b5 8.Nxc6 Qxc6
9.O-O Bb7 10.Re1 Nf6 11.Bg5 Be7 12.Qf3 b4 13.Ne2 Qc5 14.Qg3 Nh5 15.Bxe7 Kxe7
16.Qh4+ Nf6 17.e5 Qc6 18.exf6+ gxf6 19.Qxb4+ d6 20.Nf4 {#r} 1-0

[Event "Memorial V.Karseladze"]
[Site "masterchessopen.com Gori (Georgia)"]
[Round "0"]
[White "Platonov Igor V (RUS)"]
[Black "Furman Semen (RUS)"]
[Result "0-1"]
[WhiteElo "2470"]
[BlackElo "2550"]

1.e4 c5 2.Nf3 e6 3.Nc3 Nc6 4.d4 cxd4 5.Nxd4 a6 6.Be3 Qc7 7.Bd3 b5 8.O-O Bb7
9.Nb3 Ne5 10.f4 Nc4 11.Bc1 Nf6 12.Qe2 Rc8 13.e5 Nd5 14.Ne4 Be7 15.Nd4 O-O
16.b3 Qb6 17.Qf2 f5 18.Ng3 Bc5 19.Nge2 Nc3 {#R} 0-1

[Event "Ch Iceland"]
[Site "masterchessopen.com Reykjavik (Iceland)"]
[Round "7"]
[White "Gunnarsson Gunnar K (ISL)"]
[Black "Josteinsson Leifur (ISL)"]
[Result "1-0"]
[WhiteElo "2220"]
[BlackElo "2230"]

1.e4 c5 2.Nf3 e6 3.d4 cxd4 4.Nxd4 a6 5.Nc3 Qc7 6.Be3 Nc6 7.Bd3 b5 8.Qe2 Bb4
9.O-O Nf6 10.a4 Nxd4 11.Bxd4 e5 12.Nd5 Nxd5 13.exd5 d6 14.axb5 O-O 15.Bxe5
dxe5 16.Qe4 f5 17.Qxb4 Rb8 18.Rfe1 e4 19.Bc4 axb5 20.Bb3 Kh8 21.Qxf8# 1-0

[Event "It"]
[Site "masterchessopen.com Venice (Italy)"]
[Round "0"]
[White "Cosulich Roberto (ITA)"]
[Black "Damjanovic Mato (CRO)"]
[Result "0-1"]
[WhiteElo "2380"]
[BlackElo "2490"]

1.e4 c5 2.Nf3 Nc6 3.d4 cxd4 4.Nxd4 Qc7 5.Nc3 e6 6.Be3 a6 7.Bd3 Nf6 8.Nb3 Bd6
9.g3 h5 10.Qe2 Be5 11.f4 Bxc3+ 12.bxc3 d6 13.c4 b6 14.Rb1 Nd7 15.O-O h4 16.Qg4
Bb7 17.Qxg7 O-O-O 18.Qxf7 Rde8 19.Qg6 hxg3 20.hxg3 Nde5 21.fxe5 Nxe5 22.Qg5
Reg8 23.Qf4 Qh7 24.Kf2 Rf8 {#R} 0-1

[Event "Ch Romania"]
[Site "masterchessopen.com Bucharest (Romania)"]
[Round "4"]
[White "Georgescu Vasile-Maxim (ROM)"]
[Black "Radovici Corvin (ROM)"]
[Result "0-1"]
[WhiteElo "2082"]
[BlackElo "2281"]

1.e4 e6 2.d4 c5 3.Nf3 cxd4 4.Nxd4 Nc6 5.Nc3 Qc7 6.Be3 a6 7.Bd3 Nf6 8.O-O Be7
9.a4 O-O 10.f4 Bc5 11.e5 Nxd4 12.exf6 Nf5 13.Bxf5 Bxe3+ 14.Kh1 g6 15.Qg4 Bd4
16.Qh4 Qd8 17.Ne4 exf5 18.c3 fxe4 19.cxd4 a5 20.Rac1 Ra6 {#R} 0-1

[Event "Ch Iceland"]
[Site "masterchessopen.com Reykjavik (Iceland)"]
[Round "8"]
[White "Fridjonsson Julius (ISL)"]
[Black "Kristinsson Jon (ISL)"]
[Result "0-1"]
[WhiteElo "2190"]
[BlackElo "2355"]

1.e4 c5 2.Nf3 Nc6 3.d4 cxd4 4.Nxd4 Qc7 5.Nc3 e6 6.Be3 a6 7.Bd3 Nf6 8.O-O Be7
9.Kh1 d6 10.f4 Bd7 11.Qf3 O-O 12.Qg3 Kh8 13.Nf3 e5 14.f5 Nb4 15.Rad1 b5 16.Bg5
Bc6 17.a3 Nxd3 18.Bxf6 Bxf6 19.Rxd3 a5 20.Qf2 b4 21.axb4 axb4 22.Nd5 Bxd5
23.Rxd5 Qc4 24.Qb6 Qxf1+ {#R} 0-1

[Event "It"]
[Site "masterchessopen.com Bogota (Colombia)"]
[Round "8"]
[White "Martinez Carlos (COL)"]
[Black "Panno Oscar (ARG)"]
[Result "0-1"]
[WhiteElo "2257"]
[BlackElo "2520"]

1.e4 c5 2.Nc3 Nc6 3.Nf3 e6 4.d4 cxd4 5.Nxd4 a6 6.Be3 Qc7 7.Bd3 Nf6 8.O-O Ne5
9.h3 Bc5 10.f4 d6 11.Qe2 Ng6 12.g4 e5 13.fxe5 dxe5 14.Nf5 Nf4 15.Qf3 g5 16.Kf2
h5 17.Rh1 Bxf5 18.gxf5 O-O-O 19.Rag1 g4 20.Qd1 Bxe3+ 21.Kxe3 Qb6+ 22.Kd2 Qxb2
23.Rg3 Nxd3 {#R} 0-1

[Event "Ch Great Britain"]
[Site "masterchessopen.com Brighton (England)"]
[Round "11"]
[White "Kenworthy Gary (ENG)"]
[Black "Neat Kenneth P (ENG)"]
[Result "1-0"]
[WhiteElo "2297"]
[BlackElo "2270"]

1.e4 c5 2.Nf3 e6 3.Nc3 a6 4.d4 cxd4 5.Nxd4 Nc6 6.Be3 Qc7 7.Nb3 Nf6 8.a3 Be7
9.f4 d6 10.Qf3 Bd7 11.Bd3 Rc8 12.O-O b5 13.Qg3 h5 14.h3 b4 15.axb4 Nxb4 16.e5
h4 17.Qxg7 {#r} 1-0

[Event "It (open)"]
[Site "masterchessopen.com Venice (Italy)"]
[Round "0"]
[White "Simoli Sergio (ITA)"]
[Black "Sgaravatti Francesco (ITA)"]
[Result "1-0"]
[WhiteElo "2263"]
[BlackElo "2212"]

1.e4 c5 2.Nf3 e6 3.d4 cxd4 4.Nxd4 Nc6 5.Nc3 Qc7 6.Be3 a6 7.Bd3 Nf6 8.Nxc6 bxc6
9.f4 d5 10.e5 Nd7 11.Na4 c5 12.c4 d4 13.Bd2 Bb7 14.O-O Be7 15.b3 g5 16.Qh5 Qc6
17.Rf2 gxf4 18.Re1 O-O-O 19.Bxf4 f5 20.exf6 Nxf6 21.Qf7 Kd7 22.Rxe6 Qxe6
23.Nxc5+ {#r} 1-0

[Event "It (cat.14)"]
[Site "masterchessopen.com Tbilisi (Georgia)"]
[Round "0"]
[White "Liu Shilan (CHN)"]
[Black "Veroci Zsuzsa (HUN)"]
[Result "1-0"]
[WhiteElo "2249"]
[BlackElo "2253"]

1.e4 c5 2.Nf3 e6 3.d4 cxd4 4.Nxd4 Nc6 5.Nc3 Qc7 6.Be3 a6 7.Bd3 Nf6 8.O-O Ne5
9.h3 Bc5 10.Qe2 d6 11.f4 Ng6 12.Rae1 O-O 13.Kh1 b5 14.Qf2 Bb7 15.f5 exf5
16.Nxf5 Bxe3 17.Rxe3 Qd8 ( 17...Ne8 18.h4 Kh8 19.h5 Ne5 { = } ) 18.Qg3 d5
19.e5 Ne8 ( 19...Nd7 20.e6 fxe6 21.Rxe6 Nc5 22.Rxg6 hxg6 23.Qxg6 { +?? } ) (
19...d4 20.exf6 dxe3 21.fxg7 Re8 22.Nh6+ Kxg7 23.Rxf7+ Kxh6 24.Rxh7+ { ! }
24...Kxh7 25.Qxg6+ Kh8 26.Qh7# ) 20.Ne2 Bc8 21.Ned4 Bxf5 22.Nxf5 Qc7 23.h4 f6
24.h5 Nxe5 { ? } 25.Rxe5 { ! } 1-0

[Event "It (open) \"]
[Site "masterchessopen.com Buenos Aires (Argentina)"]
[Round "4"]
[White "Juarez Alberto (ARG)"]
[Black "Anelli Antonio (ARG)"]
[Result "1-0"]
[WhiteElo "2244"]
[BlackElo "2145"]

1.e4 c5 2.Nf3 Nc6 3.d4 cxd4 4.Nxd4 e6 5.Nc3 Qc7 6.Be3 a6 7.Bd3 Nf6 8.O-O Ne5
9.h3 Bc5 10.Qe2 d6 11.f4 Ned7 12.a4 Qb6 13.a5 Qc7 14.Qf2 O-O 15.Na4 Re8 16.c3
e5 17.Nf5 Bxe3 18.Qxe3 exf4 19.Qxf4 Re6 20.Kh1 Qxa5 21.Qg5 Kf8 22.Qxg7+ Ke8
23.Qh8+ {#r} 1-0

[Event "It (open)"]
[Site "masterchessopen.com Balatonbereny (Hungary)"]
[Round "4"]
[White "Alvir Aco (AUT)"]
[Black "Plachetka Jan (SVK)"]
[Result "1-0"]
[WhiteElo "2354"]
[BlackElo "2450"]

1.e4 c5 2.Nc3 Nc6 3.Nf3 e6 4.d4 cxd4 5.Nxd4 Qc7 6.Be3 a6 7.Qd2 Nf6 8.a3 b5
9.Nxc6 Qxc6 10.e5 Ng4 11.Bd4 Bb7 12.Bd3 Be7 13.O-O-O O-O 14.h3 Nh6 15.g4 Kh8
16.f4 b4 17.axb4 Bxb4 18.f5 Rfc8 19.f6 Bf8 20.fxg7+ Bxg7 21.Rhf1 Qc7 22.Rf6
Ng8 23.Rxf7 Rf8 24.Rxg7 Kxg7 25.Qg5+ {#r} 1-0

[Event "Ch World (juniors) (under 16)"]
[Site "masterchessopen.com Rio Gallegos (Argentina)"]
[Round "8"]
[White "Ravi Thandalam Shanmugam (IND)"]
[Black "Gdanski Jacek (POL)"]
[Result "1-0"]
[WhiteElo "2327"]
[BlackElo "2541"]

1.e4 c5 2.Nf3 e6 3.d4 cxd4 4.Nxd4 Nc6 5.Nc3 a6 6.Be3 Qc7 7.Bd3 Nf6 8.O-O Bd6
9.Nxc6 dxc6 10.f4 e5 11.f5 b5 12.a4 b4 13.Ne2 c5 14.c3 c4 15.Bxc4 Bc5 16.Bxf7+
Kxf7 17.Qb3+ Ke7 18.Bxc5+ Qxc5+ 19.Kh1 Nxe4 20.cxb4 Nf2+ 21.Kg1 Nh3+ 22.Kh1
Qg1+ 23.Nxg1 {#r} 1-0

[Event "Cup Warsaw"]
[Site "masterchessopen.com Warsaw (Poland)"]
[Round "1"]
[White "Kamys Stanislaw (POL)"]
[Black "Kojder Konrad (POL)"]
[Result "0-1"]
[WhiteElo "2157"]
[BlackElo "2290"]

1.e4 c5 2.Nf3 e6 3.d4 cxd4 4.Nxd4 Nc6 5.Be3 a6 6.Nc3 Qc7 7.Nxc6 bxc6 8.Bd3 Nf6
9.O-O Be7 10.f4 d6 11.Kh1 Bb7 12.Rf3 c5 13.b3 d5 14.e5 d4 15.exf6 Bxf6 16.Ne4
dxe3 17.Nxf6+ gxf6 18.Rxe3 Qxf4 19.Rg3 Ke7 20.Qe2 Qe5 21.Qf1 Rhg8 22.Re1 Rxg3
23.hxg3 Qxg3 24.Qe2 Bxg2+ {#R} 0-1

[Event "It (open)"]
[Site "masterchessopen.com Buenos Aires (Argentina)"]
[Round "9"]
[White "Cid Marino Alejandro (ARG)"]
[Black "Garcia Raimundo (ARG)"]
[Result "1-0"]
[WhiteElo "2340"]
[BlackElo "2327"]

1.e4 c5 2.Nf3 Nc6 3.d4 cxd4 4.Nxd4 Qc7 5.Nc3 e6 6.Be3 a6 7.f3 Nf6 8.Qd2 b5
9.g4 d6 10.Nxc6 Qxc6 11.O-O-O Be7 12.h4 Bb7 13.Ne2 Rc8 14.Kb1 Qc7 15.Nd4 Nd7
16.g5 d5 17.h5 dxe4 18.Bh3 Nc5 19.g6 f5 20.gxh7 exf3 21.Bf4 Qb6 22.Nxf5 Bf6
23.Nd6+ Ke7 24.Nxc8+ Rxc8 25.Qd6+ {#r} 1-0

[Event "Match \"]
[Site "masterchessopen.com Logrono (Spain)"]
[Round "0"]
[White "Dorfman Iossif D (FRA)"]
[Black "Rivas Pastor Manuel (ESP)"]
[Result "1-0"]
[WhiteElo "2580"]
[BlackElo "2450"]

1.e4 c5 2.Nf3 Nc6 3.d4 cxd4 4.Nxd4 Qc7 5.Nc3 e6 6.Be3 a6 7.Bd3 g6 8.Nxc6 bxc6
9.O-O Bg7 10.Na4 d6 11.Rb1 c5 12.b4 c4 13.Nb6 cxd3 14.Nxa8 Qc6 15.Qxd3 Qxa8
16.Qxd6 Ne7 17.Rfd1 Nc6 18.b5 axb5 19.Rxb5 Bf6 20.Rb6 Nd8 21.Rb8 Qa6 22.Qxa6
Bxa6 23.Bb6 {#r} 1-0

[Event "Tournament (team)"]
[Site "masterchessopen.com Pula (Croatia)"]
[Round "3"]
[White "Zamostni Jan (CRO)"]
[Black "Armanda Ivica (CRO)"]
[Result "1-0"]
[WhiteElo "2265"]
[BlackElo "2396"]

1.e4 c5 2.Nf3 e6 3.d4 cxd4 4.Nxd4 Nc6 5.Nc3 Qc7 6.Be3 a6 7.Bd3 Nf6 8.O-O Bd6
9.h3 h5 10.Nxc6 Qxc6 11.a4 b6 12.Qe2 Bb7 13.Rad1 Qc7 14.f4 Bc5 15.Bxc5 Qxc5+
16.Kh2 g5 17.e5 Nd5 18.Ne4 Qc6 19.Nd6+ Ke7 20.fxg5 Raf8 21.Be4 {#r} 1-0

[Event "It (open)"]
[Site "masterchessopen.com Ticino (Switzerland)"]
[Round "7"]
[White "Torrielli Domenico"]
[Black "Zivkovic Velibor (SRB)"]
[Result "1-0"]
[WhiteElo "2070"]
[BlackElo "1997"]

1.e4 c5 2.Nf3 Nc6 3.d4 cxd4 4.Nxd4 Qc7 5.Nc3 e6 6.Be3 a6 7.a4 Nf6 8.Bd3 Be7
9.O-O O-O 10.f4 d6 11.Qe2 Bd7 12.Nxc6 Bxc6 13.a5 Rfe8 14.Bb6 Qd7 15.e5 dxe5
16.fxe5 Nd5 17.Rxf7 Kxf7 18.Qh5+ Kf8 19.Rf1+ Bf6 20.Bc5+ Re7 21.Qxh7 Ke8
22.Qg8# 1-0

[Event "It (open)"]
[Site "masterchessopen.com Ponferrada (Spain)"]
[Round "0"]
[White "Tejero Garces Jorge (ESP)"]
[Black "Strikovic Aleksa (SRB)"]
[Result "1-0"]
[WhiteElo "2290"]
[BlackElo "2557"]

1.e4 c5 2.Nf3 e6 3.Nc3 Nc6 4.d4 cxd4 5.Nxd4 Qc7 6.Be3 a6 7.Bd3 Nf6 8.O-O b5
9.f4 Bc5 10.e5 Nxe5 11.fxe5 Qxe5 12.Qf3 Bxd4 13.Bxd4 Qxd4+ 14.Kh1 d5 15.Qg3
Ke7 16.Rae1 Ne8 17.Nxd5+ Qxd5 18.Be4 Qxa2 19.Bxa8 Bd7 20.Qg5+ f6 21.Qc5+ Kd8
22.Rd1 {#r} 1-0

[Event "It (open) \"]
[Site "masterchessopen.com Jyvaskyla (Finland)"]
[Round "3"]
[White "Penttinen Jarkko (FIN)"]
[Black "Paasikangas-T Johanna (FIN)"]
[Result "1-0"]
[WhiteElo "2272"]
[BlackElo "2238"]

1.e4 c5 2.Nf3 e6 3.d4 cxd4 4.Nxd4 Nc6 5.Nc3 Qc7 6.Be3 a6 7.g3 Nf6 8.Bg2 Bb4
9.O-O Bxc3 10.bxc3 O-O 11.Bg5 Ne8 12.Nxc6 f6 13.Ne7+ Kf7 14.Bf4 {#r} 1-0

[Event "It (open)"]
[Site "masterchessopen.com Katerini (Greece)"]
[Round "0"]
[White "Saltaev Mihail (UZB)"]
[Black "Gikas Basilius (GER)"]
[Result "1-0"]
[WhiteElo "2484"]
[BlackElo "2192"]

1.e4 c5 2.Nf3 e6 3.d4 cxd4 4.Nxd4 Nc6 5.Nc3 Qc7 6.Be3 a6 7.Bd3 Nf6 8.O-O Be7
9.Kh1 O-O 10.f4 d6 11.Qf3 Bd7 12.Rae1 b5 13.Qg3 Kh8 14.Nxc6 Bxc6 15.Bd4 b4
16.e5 Ne8 17.Qh3 {#r} 1-0

[Event "Memorial C.Torre"]
[Site "masterchessopen.com Merida (Mexico)"]
[Round "3"]
[White "Manzur Carlos"]
[Black "Pineda Boris (ESA)"]
[Result "0-1"]
[WhiteElo "1940"]
[BlackElo "2254"]

1.e4 c5 2.Nf3 e6 3.d4 cxd4 4.Nxd4 Nc6 5.Nc3 Qc7 6.Be3 a6 7.a3 Nf6 8.g3 d6
9.Bg2 Bd7 10.O-O Be7 11.f4 O-O 12.g4 Nxd4 13.Bxd4 e5 14.g5 exd4 15.gxf6 Bxf6
16.Nd5 Qd8 17.Nxf6+ Qxf6 18.e5 dxe5 19.fxe5 Qxe5 20.Bxb7 Rab8 21.Qf3 Qg5+
22.Kh1 Qh6 23.Kg1 Qg6+ 24.Kf2 Qxc2+ 25.Kg3 Qc7+ {#R} 0-1

[Event "It (open)"]
[Site "masterchessopen.com Minsk (Belarus)"]
[Round "2"]
[White "Sorokina Anastasia (AUS)"]
[Black "Baranova Victory (UKR)"]
[Result "1-0"]
[WhiteElo "2194"]
[BlackElo "2085"]

1.e4 c5 2.Nf3 Nc6 3.d4 cxd4 4.Nxd4 e6 5.Nc3 a6 6.Be3 Qc7 7.g3 Nf6 8.Bg2 Be7
9.O-O O-O 10.f4 d6 11.Qf3 Nxd4 12.Bxd4 e5 13.Be3 Bg4 14.Qf2 Be6 15.f5 Ng4
16.Qe2 Nxe3 17.Qxe3 Bc4 18.f6 gxf6 19.Qh6 Rfe8 20.Rf5 Bf8 21.Qxf6 Bg7 {#r} 1-0

[Event "It (swiss)"]
[Site "masterchessopen.com Rostov on Don (Russia)"]
[Round "8"]
[White "Tseshkovsky Vitaly (RUS)"]
[Black "Brodsky Michail (UKR)"]
[Result "1-0"]
[WhiteElo "2495"]
[BlackElo "2520"]

1.e4 c5 2.Nf3 e6 3.d4 cxd4 4.Nxd4 Nc6 5.Nc3 Qc7 6.Be3 a6 7.Bd3 Nf6 8.O-O Be7
9.Kh1 O-O 10.f4 d6 11.Qf3 Bd7 12.a4 Nxd4 13.Bxd4 Bc6 14.Qg3 b6 15.e5 dxe5
16.Bxe5 Qb7 17.f5 exf5 18.Rxf5 Ne8 19.Qh3 Bd6 20.Bxd6 Nxd6 21.Rd5 Rfb8
22.Qxh7+ Kf8 23.Re1 f5 24.Bc4 {#r} 1-0

[Event "It (open)"]
[Site "masterchessopen.com Velden (Austria)"]
[Round "6"]
[White "Zagrebelny Sergey (UZB)"]
[Black "Wolter Kai (GER)"]
[Result "1-0"]
[WhiteElo "2515"]
[BlackElo "2245"]

1.e4 c5 2.Nf3 e6 3.Nc3 a6 4.d4 cxd4 5.Nxd4 Qc7 6.Be3 Nc6 7.Qd2 Nf6 8.f3 b5
9.O-O-O Bb4 10.g4 h6 11.Kb1 Bb7 12.Nxc6 Qxc6 13.Bd4 d6 14.a3 Ba5 15.b4 Bd8
16.Be2 e5 17.Be3 Rc8 18.Kb2 g6 19.h4 Qc7 20.Bxb5+ axb5 21.Nxb5 Qb8 22.Nxd6+
Ke7 23.Nxc8+ Qxc8 24.Qd6+ Ke8 25.Qxe5+ {#r} 1-0